[Event "GER-ch U14"]
[Site "Willingen"]
[Date "2024.05.23"]
[Round "7"]
[White "Sasse, Conan"]
[Black "Mukazhanov, Mansur"]
[Result "0-1"]
[WhiteElo "1816"]
[BlackElo "1919"]
[PlyCount "118"]
[EventDate "2024.05.19"]
[EventType "swiss"]
[EventRounds "9"]
[EventCountry "GER"]
[SourceTitle "CBM 220 Extra"]
[Source "ChessBase"]
[SourceDate "2024.07.31"]
[SourceVersion "1"]
[SourceVersionDate "2024.07.31"]
[SourceQuality "1"]

1. Nf3 Nf6 2. c4 e6 3. g3 d5 4. Bg2 dxc4 5. Qa4+ Nbd7 6. 0-0 a6 7. Qxc4 b5 8. Qc2 Bb7 9. d3 Bd6 10. e4 0-0 11. Re1 e5 12. h3 c5 13. Nh4 Re8 14. Be3 Rc8 15. Nd2 Nf8 16. Rac1 Ne6 17. Nf5 Bf8 18. b3 Nd4 19. Qb1 Nxf5 20. exf5 Bxg2 21. Kxg2 Qd5+ 22. Nf3 e4 23. dxe4 Nxe4 24. g4 c4 25. Red1 Qa8 26. bxc4 bxc4 27. Qb6 c3 28. Rc2 Rb8 29. Qa7 Qc6 30. Qd4 h6 31. Rdc1 Ba3 32. Rxc3 Nxc3 33. Rxc3 Qd6 34. Qxd6 Bxd6 35. Rc6 Be7 36. Rxa6 Ra8 37. Rb6 Rxa2 38. Kg3 Bd8 39. Rc6 Bf6 40. Rc4 Ra3 41. Bc5 Rb3 42. Be3 Be7 43. Bf4 Rd8 44. Re4 Bc5 45. Be3 Bd6+ 46. Bf4 Bc5 47. Be3 Rdd3 48. Ne5 Bxe3 49. Nxd3 Bb6 50. Re8+ Kh7 51. Re2 Rxd3+ 52. f3 Bc7+ 53. Kg2 Bf4 54. Rc2 f6 55. Ra2 Rd2+ 56. Rxd2 Bxd2 57. Kg3 Kg8 58. f4 Be1+ 59. Kf3 Bd2 0-1

[Event "GER-ch U14"]
[Site "Willingen"]
[Date "2024.05.19"]
[Round "2"]
[White "Sasse, Conan"]
[Black "Schoene, Finn"]
[Result "1/2-1/2"]
[WhiteElo "1816"]
[BlackElo "1813"]
[PlyCount "135"]
[EventDate "2024.05.19"]
[EventType "swiss"]
[EventRounds "9"]
[EventCountry "GER"]
[SourceTitle "CBM 220 Extra"]
[Source "ChessBase"]
[SourceDate "2024.07.31"]
[SourceVersion "1"]
[SourceVersionDate "2024.07.31"]
[SourceQuality "1"]

1. c4 e6 2. Nf3 d5 3. e3 c6 4. b3 f5 5. Nc3 Nf6 6. Bb2 Be7 7. Qc2 0-0 8. Be2 Ne4 9. 0-0 Nd7 10. d3 Nxc3 11. Bxc3 Bf6 12. cxd5 exd5 13. Bxf6 Nxf6 14. Rac1 Bd7 15. Rfd1 Be8 16. Nd4 Qd7 17. Nf3 Qc7 18. Qb2 Bh5 19. Nd4 Qe5 20. Bxh5 Nxh5 21. Qe2 Nf6 22. f4 Qe8 23. Nxf5 Nd7 24. Ng3 d4 25. Ne4 Nb6 26. exd4 Rxf4 27. Rf1 Rxf1+ 28. Rxf1 Rd8 29. Qg4 Qe7 30. Ng5 Qe3+ 31. Kh1 Qe7 32. Qh5 h6 33. Ne4 Rxd4 34. Qg6 Nd7 35. Qg3 Kh8 36. Re1 Qb4 37. Qe3 Rxd3 38. Qe2 Rd5 39. Rc1 Qe7 40. Ng3 Qxe2 41. Nxe2 Rd2 42. Nc3 Ne5 43. Kg1 Kg8 44. Re1 Ng6 45. Re8+ Kf7 46. Ra8 a6 47. Ra7 Rd7 48. Na4 Kf6 49. Nc5 Rd5 50. Nxb7 Rd7 51. Rxa6 Rxb7 52. Rxc6+ Kf5 53. Rc5+ Ke4 54. Rc4+ Kd3 55. Kf2 Ne5 56. Ra4 Kc3 57. Ke3 Rc7 58. Re4 Nd3 59. Rc4+ Rxc4 60. bxc4 Kxc4 61. Ke4 g6 62. h4 Ne1 63. g3 Nd3 64. a3 h5 65. a4 Nc5+ 66. Ke5 Kb4 67. Kf6 Ne4+ 68. Kxg6 1/2-1/2